000 00730nam a2200241Ia 4500
003 OSt
005 20220928120438.0
006 a|||||r|||| 00| 0
007 ta
008 220927b |||||||| |||| 00| 0 eng d
024 _a115903
037 _bGift, 28/05/2012,
_cTextual
040 _aSDCL
_cSDCL
_beng
041 _2eng
_aeng
082 _aX:75.2'P, Q2
100 _aSikka Pawan
_9410552
245 0 _aPlanning in India
_b Scientific developments with national five-year plans.
260 _aNew Delhi
_bUppal Publishing House
_c2012
300 _axii,286p
_ccm.
650 _aBusiness Economics
_9391653
942 _hX:75.2'P, Q2
_cTEXL
_2CC
999 _c763688
_d763688